NASCAR Sudden Death - Drivers With 20+ Wins - Statistics

General Stats
  • This quiz has been taken 297 times
  • The average score is 9 of 18
Answers on the Grid
Answers color-coded by a green-red scale on the quiz's grid according to % correct below.
Dale Earnhardt
Jeff Burton
Bobby Labonte
Davey Allison
Chase Elliott
Greg Biffle
Kasey Kahne
Benny Parsons
Ryan Newman
Dale Earnhardt Jr.
Geoff Bodine
Joe Weatherly
Terry Labonte
Carl Edwards
William Byron
Kurt Busch
Kyle Larson
Ryan Blaney
Ricky Rudd
Dale Jarrett
Christopher Bell
Lee Petty
Sterling Marlin
Jamie McMurray
Joey Logano
A.J. Foyt
David Pearson
Tony Stewart
Alan Kulwicki
Jeff Gordon
 
Answer Stats
Answer % Correct
Jeff Gordon
76%
Dale Earnhardt
75%
Kyle Larson
73%
Joey Logano
70%
Tony Stewart
70%
Dale Earnhardt Jr.
66%
Kurt Busch
59%
Dale Jarrett
53%
Carl Edwards
52%
Bobby Labonte
46%
Terry Labonte
46%
David Pearson
45%
Lee Petty
45%
Chase Elliott
43%
Jeff Burton
33%
Ricky Rudd
28%
Joe Weatherly
23%
Benny Parsons
22%
No matching quizzes found
Score Distribution
Percent of People with Each Score
Percentile by Number Answered
Your Score History
You have not taken this quiz